|
|
|
|
| LEADER |
00000nam a2200000 i 4500 |
| 001 |
DIGPAKARIN0009 |
| 003 |
NyNyDIG |
| 008 |
200707s2015 pe ob 000 0 spa d |
| 006 |
m o d |
| 007 |
cr ||||||||||| |
| 035 |
|
|
|a (OCoLC)1187205813
|
| 040 |
|
|
|a DGITA
|b eng
|e rda
|e pn
|c DGITA
|
| 020 |
|
|
|z 9786124679391
|
| 020 |
|
|
|z 6124679396
|
| 050 |
1 |
4 |
|a PQ8497.C64 ebook
|
| 082 |
0 |
4 |
|a 868.62
|
| 100 |
1 |
|
|a Rubio Bautista, Douglas,
|d 1976-
|e author.
|
| 245 |
1 |
0 |
|a Narrativa de la víctima :
|b fantasía y deseo en "Lima, hora cero" /
|c Douglas Rubio Bautista.
|
| 246 |
3 |
0 |
|a Fantasía y deseo en "Lima, hora cero"
|
| 264 |
|
1 |
|a Lima :
|b Pakarina Ediciones :
|b Facultad de Letras y Ciencias Humanas, Universidad Nacional Mayor de San Marcos,
|c [2015]
|
| 300 |
|
|
|a 1 online resource.
|
| 336 |
|
|
|a text
|b txt
|2 rdacontent
|
| 337 |
|
|
|a computer
|b c
|2 rdamedia
|
| 338 |
|
|
|a online resource
|b cr
|2 rdacarrier
|
| 347 |
|
|
|a text file
|2 rdaft
|
| 347 |
|
|
|b PDF
|
| 490 |
1 |
|
|a Biblioteca Qillqakuna ;
|v no. 12
|
| 500 |
|
|
|a Based on the author's thesis (licenciatura--Universidad Nacional Mayor de San Marcos, 2009) presented under the title: Transgresión e ideología en "Lima, hora cero" de Enrique Congrains Martín.
|
| 504 |
|
|
|a Includes bibliographical references.
|
| 588 |
0 |
|
|a Online resource; title from PDF title page (Digitalia, viewed July 7, 2020)
|
| 600 |
1 |
0 |
|a Congrains Martín, Enrique.
|t Lima, hora cero
|x Criticism, Textual.
|
| 600 |
1 |
0 |
|a Congrains Martín, Enrique
|x Criticism and interpretation.
|
| 655 |
|
0 |
|a Electronic books.
|
| 791 |
2 |
|
|a Digitalia (Firm),
|e distributor.
|
| 793 |
0 |
|
|g Digitalia eBook Collection:
|a Pakarina Ediciones
|
| 776 |
0 |
8 |
|i Print version:
|a Rubio Bautista, Douglas,1976-
|t Narrativa de la víctima.
|b Primera edición.
|d Lima : Pakarina Ediciones : Facultad de Letras y Ciencias Humanas, Universidad Nacional Mayor de San Marcos, 2015
|z 9786124679391
|w (DLC) 2016392517
|w (OCoLC)944225195
|
| 830 |
|
0 |
|a Biblioteca Qillqakuna ;
|v no. 12.
|
| 856 |
4 |
0 |
|3 Digitalia Hispánica
|u https://www.digitaliapublishing.com/a/58705/
|
| 910 |
|
|
|a Premium collection: 2020
|